Central Library OPAC University of Rajshahi

A short history of the east coast of Africa / (Record no. 71218)

MARC details
000 -LEADER
fixed length control field 00751cam a22002532 4500
001 - CONTROL NUMBER
control field 71218
003 - CONTROL NUMBER IDENTIFIER
rucl marc code BD-RjUL
005 - DATE AND TIME OF LATEST TRANSACTION
control field 20211209082105.0
008 - FIXED-LENGTH DATA ELEMENTS--GENERAL INFORMATION
fixed length control field 860903r19641951n af 000 0 eng d
035 ## - SYSTEM CONTROL NUMBER
System control number (BD-RjUL)71433
040 ## - CATALOGING SOURCE
Original cataloging agency RID
Transcribing agency RID
Modifying agency EQO
Language of cataloging eng
041 ## - LANGUAGE CODE
Language code of text/sound track or separate title eng
043 ## - GEOGRAPHIC AREA CODE
Geographic area code fe-----
082 ## - DEWEY DECIMAL CLASSIFICATION NUMBER
Edition number 23
Classification number 967.6
Author mark and year HOS 1964
090 ## - LOCALLY ASSIGNED LC-TYPE CALL NUMBER (OCLC); LOCAL CALL NUMBER (OCLC)
Classification number (OCLC) (R) ; Classification number, CALL (RLIN) (NR) DT365
Local cutter number (OCLC) ; Book number/undivided call number, CALL (RLIN) .H65 1949
100 1# - MAIN ENTRY--PERSONAL NAME
Personal name Hollingsworth, L. W.
Fuller form of name (Lawrence William)
9 (RLIN) 228763
245 12 - TITLE STATEMENT
Title A short history of the east coast of Africa /
Statement of responsibility, etc. by L.W. Hollingsworth.
250 ## - EDITION STATEMENT
Edition statement 2nd ed.
260 ## - PUBLICATION, DISTRIBUTION, ETC. (IMPRINT)
Place of publication, distribution, etc. London :
Name of publisher, distributor, etc. Macmillan,
Date of publication, distribution, etc. 1949.[1964]
300 ## - PHYSICAL DESCRIPTION
Pagination vii, 181 p. :
Illustrations ill., maps ;
Size 19 cm.
651 #0 - SUBJECT ADDED ENTRY--GEOGRAPHIC NAME
Geographic name Africa, East
General subdivision History.
9 (RLIN) 228764
942 ## - ADDED ENTRY ELEMENTS (KOHA)
Source of classification or shelving scheme Dewey Decimal Classification
Koha item type Books
Holdings
Lost status Source of classification or shelving scheme Damaged status Not for loan Collection code Permanent Location Current Location Shelving location Date acquired Source of acquisition Cost, normal purchase price Total Checkouts Full call number Date last seen Copy number Koha item type
  Dewey Decimal Classification   Not For Loan Non-fiction Central Library, University of Rajshahi Central Library, University of Rajshahi Reading Room 06/04/1967 Euro-pak 5.22   967.6 HOS 1964 02/03/2019 C-1 Books